Szczegóły MARC21

Rola informacji i komunikacji w nowocześnie zarządzanej firmie /

005 -DATA I CZAS OSTATNIEJ MODYFIKACJI [,]
    • @
    • pole kontrolne
    • 20110221130012.0
020 -Międzynarod. znormalizowany nr książki - ISBN [ , ]
    • a
    • Numer ISBN
    • 9788360606452 Find
040 -Instytucja sporządzająca opis [ , ]
    • a
    • Instytucja, która sporządziła opis (NP)
    • SZCZ U/KLR
    • c
    • Instytucja, która sporządziła rekord (NP)
    • SZCZ U/KLR
    • d
    • Instytucja, która zmodyfikowała rekord (P)
    • SZCZ U/MS
041 -Język dokumentu [0, ]
    • a
    • Język tekstu (P)
    • polski
044 -Kraj miejsca wydania [ , ]
    • a
    • Kraj miejsca wydania
    • pl
942 -Rodzaj dokumentu [ , ]
    • c
    • Rodzaj dokumentu
    • Książka
245 -Strefa tytułu i oznaczenia odpowiedzialności [0,0]
    • a
    • Tytuł
    • Rola informacji i komunikacji w nowocześnie zarządzanej firmie / Find
    • c
    • Pozostałe elementy strefy tytułu i oznaczenia odpowiedzialności (NP)
    • pod red. Jakuba Szpona.
260 -Strefa adresu wydawniczego [ , ]
    • a
    • Miejsce wydania (P)
    • Szczecin :
    • b
    • Nazwa wydawcy (P)
    • Wydawnictwo "Economicus",
    • c
    • Data wydania (P)
    • 2010.
300 -Strefa opisu fizycznego [ , ]
    • a
    • Określenie formy książki i/lub objętość (NP)
    • 228 s. :
    • b
    • Oznaczenie ilustracji (NP)
    • il. ;
    • c
    • Format (NP)
    • 24 cm.
080 -Uniwersalna Klasyfikacja Dziesiętna [ , ]
    • 2
    • Identyfikator wydania tablic
    • UDC-P058
    • 9
    • UKD
    • 5602
    • a
    • Symbol klasyfikacji
    • 658.1/.5:005.2
    • b
    • Dopowiedzenie
    • Zarządzanie strategiczne przedsiębiorstwa.
080 -Uniwersalna Klasyfikacja Dziesiętna [ , ]
    • 2
    • Identyfikator wydania tablic
    • UDC-P058
    • 9
    • UKD
    • 5648
    • a
    • Symbol klasyfikacji
    • 658.818
    • b
    • Dopowiedzenie
    • Obsługa klienta.
080 -Uniwersalna Klasyfikacja Dziesiętna [ , ]
    • 2
    • Identyfikator wydania tablic
    • UDC-P058
    • 9
    • UKD
    • 2834
    • a
    • Symbol klasyfikacji
    • 316.77
    • b
    • Dopowiedzenie
    • Socjologia komunikowania. Komunikacja społeczna. Wpływ środków masowego przekazu, decydentów, cenzury. Sprzężenie zwrotne komunikowania. Kultura audiowizualna.
980 -Symbol UKD [ , ]
    • a
    • UKD
    • 658.1/.5:005.2:658.818:316.77
700 -Hasło dodatkowe - nazwa osobowa [1, ]
    • 9
    • KHW
    • 11842
    • a
    • Nazwa osobowa (NP)
    • Szpon, Jakub. Find
700 -Hasło dodatkowe - nazwa osobowa [1, ]
    • 9
    • KHW
    • 21860
    • a
    • Nazwa osobowa (NP)
    • Prochorowicz, Marlena. Find
920 -ISBN [ , ]
    • a
    • ISBN
    • 978-83-60606-45-2 Find
Sygnatura Numer inwentarzowy Status udost. Lokalizacja Data inwentaryzacji
 T.11293-2T2011-01-25
TM.7874TM.7874-2T2011-01-25
TM.7875TM.7875-3T2011-01-25
TM.9047TM.9047-3T2013-04-05
TM.9048TM.9048-3T2013-04-05
TM.9911TM.9911-3T2013-12-18
TM.12274TM.12274-3T2015-03-25